[Event "European School Championships"]
[Site "Rhodes, Greece"]
[Date "2022.04.28"]
[Round "8.2"]
[White "Pelling, Kyle"]
[Black "Kavri, Yusuf Eren"]
[Result "0-1"]
[WhiteElo "1750"]
[BlackElo "1886"]
[PlyCount "112"]
[EventDate "2022.04.21"]
[EventRounds "9"]

1. e4 {[%emt 0:00:07]} e5 {[%emt 0:00:12]} 2. Nf3 {[%emt 0:00:06]} Nc6 {
[%emt 0:00:07]} 3. Bb5 {[%emt 0:00:04]} a6 {[%emt 0:00:07]} 4. Ba4 {[%emt 0:00:
05]} Nf6 {[%emt 0:00:14]} 5. d3 {[%emt 0:00:58]} d6 {[%emt 0:00:28]} 6. c3 {
[%emt 0:01:28]} g6 {[%emt 0:00:12]} 7. O-O {[%emt 0:01:30]} Bg7 {[%emt 0:00:09]
} 8. Re1 {[%emt 0:03:36]} O-O {[%emt 0:05:18]} 9. Bg5 {[%emt 0:00:22]} h6 10.
Be3 {[%emt 0:12:49]} Ne7 11. d4 {[%emt 0:20:15]} Nxe4 12. dxe5 dxe5 13. Qxd8 {
[%emt 0:10:24]} Rxd8 {[%emt 0:00:25]} 14. Bxh6 {[%emt 0:05:11]} Bxh6 {[%emt 0:
02:42]} 15. Rxe4 {[%emt 0:01:04]} f6 {[%emt 0:00:11]} 16. Na3 {[%emt 0:04:13]}
b5 {[%emt 0:07:16]} 17. Bb3+ {[%emt 0:01:33]} Kg7 18. Ree1 Bb7 19. Nd4 Bc8 20.
Rad1 c5 21. Ne6+ Bxe6 22. Bxe6 Bd2 23. Rf1 f5 24. Nb1 Bh6 25. Bb3 Kf6 26. Rxd8
Rxd8 27. Rd1 {[%emt 0:50:25]} Rxd1+ 28. Bxd1 {[%emt 0:00:59]} Bc1 29. b3 {
[%emt 0:07:46]} b4 30. cxb4 {[%emt 0:06:16]} cxb4 31. Kf1 {[%emt 0:00:50]} e4
32. Be2 {[%emt 0:04:20]} a5 33. Ke1 {[%emt 0:01:16]} Ke5 34. Nd2 {[%emt 0:04:
14]} Bxd2+ 35. Kxd2 {[%emt 0:00:50]} Kd4 36. Bc4 {[%emt 0:01:48]} Nc6 37. h4 {
[%emt 0:13:23]} Ne5 38. Be6 {[%emt 0:02:44]} f4 39. g3 {[%emt 0:03:35]} Nd3 40.
gxf4 {[%emt 0:09:35]} Nxf4 41. Bf7 {[%emt 0:05:59]} Ng2 42. Bxg6 {[%emt 0:05:
34]} Nxh4 43. Bh7 {[%emt 0:01:40]} Nf3+ 44. Ke2 {[%emt 0:05:18]} Ne5 45. Kd2 {
[%emt 0:10:12]} Nd3 46. Ke2 {[%emt 0:07:33]} Nc1+ 47. Kd2 {[%emt 0:00:53]} Nxa2
48. Bg8 {[%emt 0:00:46]} Nc3 49. Kc2 {[%emt 0:02:22]} Ne2 50. Kd2 {[%emt 0:03:
43]} Nf4 51. Bf7 {[%emt 0:01:45]} Nd3 52. Ke2 {[%emt 0:01:03]} Kc3 53. Ke3 {
[%emt 0:04:29]} Nc5 54. Bd5 {[%emt 0:05:16]} Nxb3 55. Bxe4 {[%emt 0:01:50]} Nd2
56. f4 {[%emt 0:02:52]} Nxe4 0-1

[Event "European School Championships"]
[Site "Rhodes, Greece"]
[Date "2022.04.29"]
[Round "9.1"]
[White "Rammos, Ilias"]
[Black "Bicer, Atakan Mert"]
[Result "0-1"]
[WhiteElo "1110"]
[BlackElo "2356"]
[PlyCount "74"]
[EventDate "2022.04.21"]
[EventRounds "9"]

1. e4 {[%emt 0:03:18]} c5 {[%emt 0:00:58]} 2. Nf3 {[%emt 0:00:26]} e6 {[%emt 0:
00:33]} 3. b3 {[%emt 0:01:55]} Nc6 {[%emt 0:00:56]} 4. Bb2 {[%emt 0:01:03]} Qc7
{[%emt 0:02:09]} 5. d4 {[%emt 0:04:47]} cxd4 {[%emt 0:00:18]} 6. Nxd4 {[%emt 0:
01:27]} Nxd4 {[%emt 0:00:46]} 7. Qxd4 {[%emt 0:03:18]} Nf6 {[%emt 0:09:30]} 8.
Nd2 {[%emt 0:06:36]} Bc5 {[%emt 0:06:04]} 9. Qd3 {[%emt 0:06:22]} O-O {[%emt 0:
22:28]} 10. Bxf6 {[%emt 0:04:33]} gxf6 {[%emt 0:00:06]} 11. Qg3+ {[%emt 0:00:
12]} Qxg3 {[%emt 0:00:07]} 12. hxg3 {[%emt 0:00:09]} Bd4 {[%emt 0:01:57]} 13.
Rd1 {[%emt 0:02:21]} b6 {[%emt 0:04:06]} 14. Bd3 {[%emt 0:06:09]} Bb7 {[%emt 0:
01:35]} 15. Ke2 {[%emt 0:06:13]} Kg7 {[%emt 0:10:47]} 16. f3 {[%emt 0:11:41]}
Rh8 {[%emt 0:01:42]} 17. Rh3 {[%emt 0:01:51]} Rac8 {[%emt 0:03:30]} 18. Nc4 {
[%emt 0:03:38]} Rc5 {[%emt 0:04:37]} 19. Nd6 {[%emt 0:07:54]} Bc6 {[%emt 0:01:
51]} 20. Rdh1 {[%emt 0:05:30]} Rg5 {[%emt 0:05:36]} 21. R1h2 {[%emt 0:08:37]}
Kf8 {[%emt 0:08:06]} 22. Rxh7 {[%emt 0:04:22]} Rxh7 {[%emt 0:00:06]} 23. Rxh7
Rxg3 {[%emt 0:00:20]} 24. Rh8+ {[%emt 0:01:28]} Kg7 {[%emt 0:01:41]} 25. Rh2 {
[%emt 0:00:58]} Be5 {[%emt 0:05:34]} 26. Nc8 {[%emt 0:02:40]} Bb8 {[%emt 0:01:
47]} 27. e5 {[%emt 0:01:09]} fxe5 {[%emt 0:01:39]} 28. Rh7+ {[%emt 0:00:41]}
Kf6 {[%emt 0:00:22]} 29. Kf2 {[%emt 0:01:43]} e4 {[%emt 0:01:25]} 30. fxe4 {
[%emt 0:00:21]} Rg8 {[%emt 0:00:53]} 31. e5+ {[%emt 0:01:03]} Bxe5 {[%emt 0:01:
29]} 32. Rh6+ {[%emt 0:01:20]} Kg5 {[%emt 0:00:41]} 33. Ne7 {[%emt 0:00:11]}
Kxh6 {[%emt 0:00:54]} 34. Nxg8+ {[%emt 0:00:04]} Kg7 {[%emt 0:00:15]} 35. Ne7 {
[%emt 0:00:03]} Bb7 {[%emt 0:00:05]} 36. Ke3 {[%emt 0:00:31]} Bd6 {[%emt 0:00:
35]} 37. Be4 {[%emt 0:00:38]} Bc5+ {[%emt 0:00:05]} 0-1

[Event "European School Championships"]
[Site "Rhodes, Greece"]
[Date "2022.04.29"]
[Round "9.2"]
[White "Kavri, Yusuf Eren"]
[Black "Can, Isik"]
[Result "0-1"]
[WhiteElo "1886"]
[BlackElo "2423"]
[PlyCount "58"]
[EventDate "2022.04.21"]
[EventRounds "9"]

1. d4 {[%emt 0:00:05]} Nf6 {[%emt 0:00:23]} 2. c4 {[%emt 0:00:05]} g6 {[%emt 0:
00:04]} 3. Nc3 {[%emt 0:01:03]} d5 {[%emt 0:00:17]} 4. Bg5 {[%emt 0:00:19]} Ne4
{[%emt 0:00:08]} 5. Bh4 {[%emt 0:00:03]} Nxc3 {[%emt 0:00:06]} 6. bxc3 {
[%emt 0:00:04]} dxc4 {[%emt 0:00:08]} 7. e3 {[%emt 0:03:45]} Be6 {[%emt 0:00:
06]} 8. Qb1 {[%emt 0:00:15]} c5 {[%emt 0:07:51]} 9. Qxb7 Bd5 {[%emt 0:13:59]}
10. Qb2 {[%emt 0:02:15]} Qa5 {[%emt 0:08:32]} 11. Nf3 {[%emt 0:06:36]} Nc6 {
[%emt 0:04:05]} 12. Be2 {[%emt 0:11:15]} cxd4 {[%emt 0:03:53]} 13. Nxd4 {
[%emt 0:05:06]} Bxg2 {[%emt 0:08:34]} 14. Rg1 {[%emt 0:00:38]} Bd5 {[%emt 0:01:
46]} 15. Nxc6 {[%emt 0:14:16]} Bxc6 {[%emt 0:00:15]} 16. Bxc4 {[%emt 0:05:15]}
Bg7 {[%emt 0:00:56]} 17. Rc1 {[%emt 0:00:35]} O-O {[%emt 0:10:26]} 18. Bxe7 {
[%emt 0:06:48]} Rfb8 {[%emt 0:09:48]} 19. Qd2 {[%emt 0:04:41]} Bxc3 {[%emt 0:
00:58]} 20. Qxc3 {[%emt 0:09:13]} Qxc3+ {[%emt 0:00:08]} 21. Rxc3 {[%emt 0:00:
04]} Rb1+ {[%emt 0:00:04]} 22. Kd2 {[%emt 0:00:40]} Rxg1 {[%emt 0:00:05]} 23.
Bf6 {[%emt 0:00:30]} Rg2 {[%emt 0:02:01]} 24. Ke1 {[%emt 0:01:34]} Rxh2 {
[%emt 0:00:51]} 25. Bb3 {[%emt 0:00:04]} Rc8 {[%emt 0:01:54]} 26. Bd5 {[%emt 0:
00:16]} Bd7 {[%emt 0:00:06]} 27. Rb3 {[%emt 0:00:34]} Rc1+ {[%emt 0:03:40]} 28.
Kd2 {[%emt 0:00:45]} Rxf2+ {[%emt 0:00:27]} 29. Kxc1 {[%emt 0:00:05]} Rxf6 {
[%emt 0:00:05]} 0-1